000 01147cab a2200205 4500
001 ##L133562
008 060518n2006 000 0 eng u
035 _a(Sirsi) u133562
041 0 _aeng
110 2 _aConstructing Excellence in the Built Environment
_94925
245 0 4 _aThe Housing Forum launches strategy to increase quantity, quality and affordability of housing
260 _c2006
490 0 _aConstructing Excellence in the Built Environment News
_v12 May 2006
520 _aThe Housing Forum has unveiled the framework for a customer driven strategy to improve the quantity, quality and affordability of housing in the UK. By emphasising integration and simplification in housing construction and development, it aims to place the needs and requirements of people and long term quality of life in sustainable communities first.
590 _aIKA230506
651 4 _aUnited Kingdom
_y
690 _aPROPERTY-PROPERTY DEVELOPMENT-SUSTAINABLE PROPERTY DEVELOPMENT
856 4 1 _uhttps://www.constructingexcellence.org.uk/news/article.jsp?id=7684
_zView the item free of charge at www.constructingexcellence.org.uk...
942 _n0
999 _c77082
_d77082